| 000 | 00534nam a2200193Ia 4500 | ||
|---|---|---|---|
| 005 | 20250508165706.0 | ||
| 008 | 008 250505s9999 xx 000 0 eng d | ||
| 037 | _aTextual | ||
| 040 |
_aFEDL _beng _cFEDL |
||
| 041 |
_aeng _2eng |
||
| 084 |
_a575.01, SMI _qFEDL |
||
| 100 |
_aSmith John mayanard _9781638 |
||
| 245 | 0 | _aTheory of evolution | |
| 260 |
_aNew York, USA _bCambridge University Press _c1975 |
||
| 300 | _axix,354p. | ||
| 365 |
_aINR _b195 |
||
| 942 |
_cTEXL _h575.01, SMI |
||
| 999 |
_c1396792 _d1396792 |
||